000 00423nam a2200133Ia 4500
008 100328s9999 xx 000 0 und d
082 _b43027
100 _aसुखटणकर विनायक सदाशिव
245 _aरवींद्र दर्शन
260 _bचौारी
630 _aरवींद्र दर्शन
730 _aरवींद्र दर्शन
942 _cBOOK
999 _c531415
_d531412